Building Construction: Principles, Materials and Systems (Record no. 14380)

000 -LEADER
fixed length control field 00394nam a2200157Ia 4500
003 - CONTROL NUMBER IDENTIFIER
control field OSt
005 - DATE AND TIME OF LATEST TRANSACTION
control field 20260218171330.0
008 - FIXED-LENGTH DATA ELEMENTS--GENERAL INFORMATION
fixed length control field 260210s9999 xx 000 0 und d
020 ## - INTERNATIONAL STANDARD BOOK NUMBER
International Standard Book Number 9781641724760
082 ## - DEWEY DECIMAL CLASSIFICATION NUMBER
Classification number 690
100 ## - MAIN ENTRY--PERSONAL NAME
Personal name Charles Bale
245 #0 - TITLE STATEMENT
Title Building Construction: Principles, Materials and Systems
260 ## - PUBLICATION, DISTRIBUTION, ETC. (IMPRINT)
Name of publisher, distributor, etc Larsen & Keller
Place of publication, distribution, etc USA
Date of publication, distribution, etc 2020
300 ## - PHYSICAL DESCRIPTION
Extent 239P;
942 ## - ADDED ENTRY ELEMENTS (KOHA)
Item type UG Books
Source of classification or shelving scheme
Holdings
Withdrawn status Lost status Source of classification or shelving scheme Damaged status Koha normalized classification for sorting Not for loan Permanent location Current location Shelving location Date acquired Full call number Barcode Date last seen Price effective from Koha item type
        690_000000000000000   BMS College of Architecture, Design and Planning BMS College of Architecture, Design and Planning General Stacks 2025-12-17 690 AR-UG5190 2026-02-10 2026-02-10 UG Books
Copyright © 2025, The Librarian, Library and Information Centre, BMSCA D&P, Bengaluru. All Rights Reserved
web counter

Powered by Koha